Statistics for Tile Select Quiz: Greatest NASCAR Drivers Ever

Click here to take the quiz!

General Stats

  • This quiz has been taken 133 times
  • The average score is 122 of 240

Answer Stats

QuestionTileSelect% Correct
Who has won multiple championships?Jimmie JohnsonYes
95%
Who has won multiple championships?Richard PettyYes
95%
Who has won multiple championships?Dale Earnhardt SrYes
93%
Who has won multiple championships?Jeff GordonYes
89%
Who has won multiple championships?Kevin HarvickNo
87%
Who has won at least 50 races?Herb ThomasNo
84%
Who has won multiple championships?Rusty WallaceNo
84%
Who has won multiple championships?Bill ElliottNo
83%
Who has won multiple championships?Tony StewartYes
83%
Who has won at least 50 races?Richard PettyYes
82%
Who was sponsored by a beverage (beer, soda) at some point?Herb ThomasNo
81%
Who was at some point a team owner (of the entire company)?Rusty WallaceNo
81%
Who has won at least 50 races?Dale Earnhardt SrYes
80%
Who was at some point a team owner (of the entire company)?Jimmie JohnsonNo
80%
Who has won at least 50 races?Jimmie JohnsonYes
80%
Who has won at least 50 races?Jeff GordonYes
79%
Who has won multiple championships?Kyle BuschYes
79%
Who was sponsored by a beverage (beer, soda) at some point?Jimmie JohnsonNo
78%
Who was sponsored by a beverage (beer, soda) at some point?Ned JarrettNo
78%
Who was sponsored by a beverage (beer, soda) at some point?Lee PettyNo
77%
Who has won multiple championships?Cale YarboroughYes
76%
Who was at some point a team owner (of the entire company)?Jeff GordonNo
76%
Who has a father, son, or brother who has competed in the Cup Series?Kevin HarvickNo
76%
Who has a father, son, or brother who has competed in the Cup Series?Tony StewartNo
76%
Who has won at least 50 races?Bill ElliottNo
75%
Who has won an All-Star Race?Herb ThomasNo
75%
Who has won an All-Star Race?Ned JarrettNo
75%
Who was sponsored by a beverage (beer, soda) at some point?Richard PettyNo
75%
Who has won multiple championships?Darrell WaltripYes
74%
Who has a father, son, or brother who has competed in the Cup Series?Jimmie JohnsonNo
73%
Who has won in the Xfinity Series? (hint: the Xfinity Series began in 1982)Lee PettyNo
73%
Who has driven a Ford?Kyle BuschNo
72%
Who competed in the Rolex 24?Lee PettyNo
72%
Who has won in the Xfinity Series? (hint: the Xfinity Series began in 1982)Ned JarrettNo
72%
Who has won multiple championships?Bobby AllisonNo
71%
Who has won in the Xfinity Series? (hint: the Xfinity Series began in 1982)Cale YarboroughNo
71%
Who has won at least 50 races?David PearsonYes
71%
Who competed in the Rolex 24?Herb ThomasNo
71%
Who has led at least 15,000 laps?Herb ThomasNo
71%
Who has a father, son, or brother who has competed in the Cup Series?Herb ThomasNo
71%
Who has won in the Xfinity Series? (hint: the Xfinity Series began in 1982)Herb ThomasNo
71%
Who has a father, son, or brother who has competed in the Cup Series?Jeff GordonNo
71%
Who has driven a Ford?Jimmie JohnsonNo
71%
Who has won an All-Star Race?Lee PettyNo
71%
Who competed in the Rolex 24?Ned JarrettNo
71%
Who has won an All-Star Race?David PearsonNo
70%
Who has won multiple championships?David PearsonYes
70%
Who has won the four Crown Jewel events (Daytona 500, Coca-Cola 600, Brickyard 400, Southern 500)?Herb ThomasNo
70%
Who has won in the Xfinity Series? (hint: the Xfinity Series began in 1982)Richard PettyNo
70%
Who has competed in the Indianapolis 500?David PearsonNo
69%
Who has competed in the Indianapolis 500?Herb ThomasNo
69%
Who was at some point a team owner (of the entire company)?Kevin HarvickNo
69%
Who has competed in the Indianapolis 500?Lee PettyNo
69%
Who has competed in the Indianapolis 500?Ned JarrettNo
69%
Who has competed in the Indianapolis 500?Richard PettyNo
69%
Who has a father, son, or brother who has competed in the Cup Series?Cale YarboroughNo
68%
Who has competed in the Indianapolis 500?Darrell WaltripNo
68%
Who has won the four Crown Jewel events (Daytona 500, Coca-Cola 600, Brickyard 400, Southern 500)?Ned JarrettNo
68%
Who was at some point a team owner (of the entire company)?Richard PettyYes
68%
Who competed in the Rolex 24?Richard PettyNo
68%
Who has competed in the Indianapolis 500?Rusty WallaceNo
68%
Who has won an All-Star Race?Bobby AllisonNo
67%
Who has won an All-Star Race?Cale YarboroughNo
67%
Who has competed in the Indianapolis 500?Dale Earnhardt SrNo
67%
Who was sponsored by a beverage (beer, soda) at some point?David PearsonNo
67%
Who has competed in the Indianapolis 500?Bill ElliottNo
66%
Who was sponsored by a beverage (beer, soda) at some point?Dale Earnhardt SrNo
66%
Who has won at least 50 races?Darrell WaltripYes
66%
Who has driven a Ford?Jeff GordonNo
66%
Who has won the four Crown Jewel events (Daytona 500, Coca-Cola 600, Brickyard 400, Southern 500)?Lee PettyNo
66%
Who has won at least 50 races?Cale YarboroughYes
65%
Who has competed in the Indianapolis 500?Kevin HarvickNo
65%
Who has won at least 50 races?Kyle BuschYes
65%
Who has won a Daytona 500?Kyle BuschNo
65%
Who was at some point a team owner (of the entire company)?Dale Earnhardt SrYes
64%
Who has raced in the Cup Series in at least 15 different seasons?Herb ThomasNo
64%
Who was sponsored by a beverage (beer, soda) at some point?Kyle BuschNo
64%
Who has competed in the Indianapolis 500?Kyle BuschNo
64%
Who has competed in at least 750 Cup races?Herb ThomasNo
63%
Who has won a Daytona 500?Herb ThomasNo
63%
Who has won the four Crown Jewel events (Daytona 500, Coca-Cola 600, Brickyard 400, Southern 500)?Kyle BuschNo
63%
Who has led at least 15,000 laps?Ned JarrettNo
63%
Who has led at least 15,000 laps?Richard PettyYes
63%
Who has won at least 50 races?Tony StewartNo
63%
Who has won the four Crown Jewel events (Daytona 500, Coca-Cola 600, Brickyard 400, Southern 500)?Cale YarboroughNo
62%
Who has driven a Ford?Dale Earnhardt SrNo
62%
Who has won a Daytona 500?Ned JarrettNo
62%
Who has led at least 15,000 laps?Dale Earnhardt SrYes
61%
Who has won multiple championships?Ned JarrettNo
61%
Who has won an All-Star Race?Richard PettyNo
61%
Who has led at least 15,000 laps?Jeff GordonYes
60%
Who has won the four Crown Jewel events (Daytona 500, Coca-Cola 600, Brickyard 400, Southern 500)?Rusty WallaceNo
60%
Who has won the four Crown Jewel events (Daytona 500, Coca-Cola 600, Brickyard 400, Southern 500)?Tony StewartNo
60%
Who has won the four Crown Jewel events (Daytona 500, Coca-Cola 600, Brickyard 400, Southern 500)?Bobby AllisonNo
59%
Who has raced in the Cup Series in at least 15 different seasons?Ned JarrettNo
59%
Who has led at least 15,000 laps?Jimmie JohnsonYes
58%
Who has won multiple championships?Lee PettyYes
58%
Who has competed in at least 750 Cup races?Ned JarrettNo
58%
Who has won a Daytona 500?Rusty WallaceNo
58%
Who has won the four Crown Jewel events (Daytona 500, Coca-Cola 600, Brickyard 400, Southern 500)?Darrell WaltripNo
57%
Who has won the four Crown Jewel events (Daytona 500, Coca-Cola 600, Brickyard 400, Southern 500)?David PearsonNo
57%
Who has won at least 50 races?Kevin HarvickYes
57%
Who has led at least 15,000 laps?Bill ElliottNo
56%
Who has led at least 15,000 laps?Lee PettyNo
56%
Who has competed in at least 750 Cup races?Richard PettyYes
56%
Who has competed in at least 750 Cup races?Kyle BuschNo
55%
Who has led at least 15,000 laps?Kevin HarvickNo
54%
Who has a father, son, or brother who has competed in the Cup Series?Richard PettyYes
54%
Who has won in the Xfinity Series? (hint: the Xfinity Series began in 1982)Rusty WallaceNo
54%
Who has won a Daytona 500?Tony StewartNo
54%
Who has won at least 50 races?Bobby AllisonYes
53%
Who has a father, son, or brother who has competed in the Cup Series?Dale Earnhardt SrYes
53%
Who has won a Daytona 500?Dale Earnhardt SrYes
53%
Who has won a Daytona 500?Jeff GordonYes
53%
Who has competed in the Indianapolis 500?Jeff GordonNo
53%
Who has won a Daytona 500?Jimmie JohnsonYes
53%
Who has won in the Xfinity Series? (hint: the Xfinity Series began in 1982)Kyle BuschYes
53%
Who has a father, son, or brother who has competed in the Cup Series?Bill ElliottYes
52%
Who was sponsored by a beverage (beer, soda) at some point?Kevin HarvickYes
52%
Who has won a Daytona 500?Richard PettyYes
52%
Who was at some point a team owner (of the entire company)?Tony StewartYes
52%
Who was at some point a team owner (of the entire company)?Kyle BuschNo
51%
Who has a father, son, or brother who has competed in the Cup Series?Lee PettyYes
51%
Who has won the four Crown Jewel events (Daytona 500, Coca-Cola 600, Brickyard 400, Southern 500)?Bill ElliottNo
50%
Who has won a Daytona 500?Darrell WaltripYes
50%
Who has competed in the Indianapolis 500?Jimmie JohnsonNo
50%
Who has won in the Xfinity Series? (hint: the Xfinity Series began in 1982)Kevin HarvickYes
50%
Who has competed in at least 750 Cup races?Lee PettyNo
50%
Who has a father, son, or brother who has competed in the Cup Series?Darrell WaltripYes
49%
Who has led at least 15,000 laps?David PearsonYes
49%
Who has competed in at least 750 Cup races?Jeff GordonYes
49%
Who has raced in the Cup Series in at least 15 different seasons?Jeff GordonYes
49%
Who has raced in the Cup Series in at least 15 different seasons?Richard PettyYes
49%
Who was sponsored by a beverage (beer, soda) at some point?Rusty WallaceYes
49%
Who has led at least 15,000 laps?Tony StewartNo
49%
Who has a father, son, or brother who has competed in the Cup Series?Kyle BuschYes
48%
Who has won at least 50 races?Rusty WallaceYes
48%
Who has won the four Crown Jewel events (Daytona 500, Coca-Cola 600, Brickyard 400, Southern 500)?Jimmie JohnsonYes
47%
Who has won a Daytona 500?Kevin HarvickYes
47%
Who has raced in the Cup Series in at least 15 different seasons?Dale Earnhardt SrYes
46%
Who has won the four Crown Jewel events (Daytona 500, Coca-Cola 600, Brickyard 400, Southern 500)?Jeff GordonYes
46%
Who has won a Daytona 500?Cale YarboroughYes
45%
Who has raced in the Cup Series in at least 15 different seasons?Darrell WaltripYes
45%
Who has won an All-Star Race?Jeff GordonYes
45%
Who has raced in the Cup Series in at least 15 different seasons?Jimmie JohnsonYes
45%
Who has won an All-Star Race?Kyle BuschYes
45%
Who has driven a Ford?Tony StewartNo
45%
Who has won in the Xfinity Series? (hint: the Xfinity Series began in 1982)Tony StewartYes
45%
Who was sponsored by a beverage (beer, soda) at some point?Bill ElliottYes
44%
Who has led at least 15,000 laps?Cale YarboroughYes
44%
Who has won the four Crown Jewel events (Daytona 500, Coca-Cola 600, Brickyard 400, Southern 500)?Dale Earnhardt SrYes
44%
Who has led at least 15,000 laps?Darrell WaltripYes
44%
Who has a father, son, or brother who has competed in the Cup Series?David PearsonYes
44%
Who has driven a Ford?Kevin HarvickYes
44%
Who has competed in the Indianapolis 500?Tony StewartYes
44%
Who has a father, son, or brother who has competed in the Cup Series?Bobby AllisonYes
43%
Who has competed in at least 750 Cup races?Bobby AllisonNo
43%
Who has won an All-Star Race?Jimmie JohnsonYes
43%
Who has raced in the Cup Series in at least 15 different seasons?Kevin HarvickYes
43%
Who has led at least 15,000 laps?Kyle BuschYes
43%
Who has raced in the Cup Series in at least 15 different seasons?Rusty WallaceYes
43%
Who has won an All-Star Race?Tony StewartYes
43%
Who has won a Daytona 500?Bill ElliottYes
42%
Who has won an All-Star Race?Dale Earnhardt SrYes
42%
Who has competed in at least 750 Cup races?Darrell WaltripYes
42%
Who has won a Daytona 500?David PearsonYes
42%
Who has won in the Xfinity Series? (hint: the Xfinity Series began in 1982)Jeff GordonYes
42%
Who has a father, son, or brother who has competed in the Cup Series?Ned JarrettYes
42%
Who has won the four Crown Jewel events (Daytona 500, Coca-Cola 600, Brickyard 400, Southern 500)?Richard PettyNo
42%
Who has driven a Ford?Rusty WallaceYes
42%
Who has raced in the Cup Series in at least 15 different seasons?Tony StewartYes
42%
Who has won a Daytona 500?Lee PettyYes
41%
Who was sponsored by a beverage (beer, soda) at some point?Jeff GordonYes
40%
Who was at some point a team owner (of the entire company)?Lee PettyYes
40%
Who was sponsored by a beverage (beer, soda) at some point?Darrell WaltripYes
39%
Who has won an All-Star Race?Kevin HarvickYes
39%
Who has competed in at least 750 Cup races?Kevin HarvickNo
39%
Who has won at least 50 races?Lee PettyYes
39%
Who competed in the Rolex 24?Jimmie JohnsonYes
38%
Who has competed in at least 750 Cup races?Tony StewartNo
38%
Who has raced in the Cup Series in at least 15 different seasons?Bill ElliottYes
37%
Who competed in the Rolex 24?Jeff GordonYes
37%
Who has competed in at least 750 Cup races?Rusty WallaceNo
37%
Who has won a Daytona 500?Bobby AllisonYes
36%
Who has raced in the Cup Series in at least 15 different seasons?David PearsonYes
36%
Who has won multiple championships?Herb ThomasYes
36%
Who has raced in the Cup Series in at least 15 different seasons?Kyle BuschYes
36%
Who has driven a Ford?Bill ElliottYes
35%
Who has competed in at least 750 Cup races?Bill ElliottYes
35%
Who has raced in the Cup Series in at least 15 different seasons?Cale YarboroughYes
35%
Who was at some point a team owner (of the entire company)?Darrell WaltripYes
35%
Who has led at least 15,000 laps?Bobby AllisonYes
34%
Who has raced in the Cup Series in at least 15 different seasons?Bobby AllisonYes
34%
Who has competed in at least 750 Cup races?Cale YarboroughNo
34%
Who has driven a Ford?David PearsonYes
34%
Who has competed in at least 750 Cup races?David PearsonNo
32%
Who has won in the Xfinity Series? (hint: the Xfinity Series began in 1982)Jimmie JohnsonYes
32%
Who has competed in at least 750 Cup races?Jimmie JohnsonNo
32%
Who competed in the Rolex 24?Kyle BuschYes
32%
Who has won in the Xfinity Series? (hint: the Xfinity Series began in 1982)Dale Earnhardt SrYes
31%
Who has won an All-Star Race?Darrell WaltripYes
31%
Who competed in the Rolex 24?Tony StewartYes
31%
Who was sponsored by a beverage (beer, soda) at some point?Bobby AllisonYes
30%
Who has driven a Ford?Cale YarboroughYes
30%
Who has won the four Crown Jewel events (Daytona 500, Coca-Cola 600, Brickyard 400, Southern 500)?Kevin HarvickYes
30%
Who has led at least 15,000 laps?Rusty WallaceYes
30%
Who has won an All-Star Race?Bill ElliottYes
29%
Who competed in the Rolex 24?Dale Earnhardt SrYes
29%
Who has driven a Ford?Richard PettyYes
29%
Who has a father, son, or brother who has competed in the Cup Series?Rusty WallaceYes
28%
Who has competed in at least 750 Cup races?Dale Earnhardt SrNo
27%
Who has driven a Ford?Ned JarrettYes
25%
Who has driven a Ford?Bobby AllisonYes
24%
Who has won at least 50 races?Ned JarrettYes
24%
Who was at some point a team owner (of the entire company)?Bill ElliottYes
23%
Who has driven a Ford?Darrell WaltripYes
22%
Who has won in the Xfinity Series? (hint: the Xfinity Series began in 1982)Bill ElliottYes
21%
Who was sponsored by a beverage (beer, soda) at some point?Cale YarboroughYes
21%
Who has raced in the Cup Series in at least 15 different seasons?Lee PettyYes
21%
Who has won an All-Star Race?Rusty WallaceYes
21%
Who was at some point a team owner (of the entire company)?Cale YarboroughYes
19%
Who has won in the Xfinity Series? (hint: the Xfinity Series began in 1982)Darrell WaltripYes
16%
Who was at some point a team owner (of the entire company)?Bobby AllisonYes
15%
Who competed in the Rolex 24?Kevin HarvickYes
15%
Who has driven a Ford?Herb ThomasYes
13%
Who was sponsored by a beverage (beer, soda) at some point?Tony StewartYes
13%
Who has competed in the Indianapolis 500?Bobby AllisonYes
11%
Who has driven a Ford?Lee PettyYes
11%
Who has won in the Xfinity Series? (hint: the Xfinity Series began in 1982)Bobby AllisonYes
10%
Who has competed in the Indianapolis 500?Cale YarboroughYes
10%
Who was at some point a team owner (of the entire company)?David PearsonYes
9%
Who was at some point a team owner (of the entire company)?Ned JarrettYes
9%
Who competed in the Rolex 24?Cale YarboroughYes
8%
Who has won in the Xfinity Series? (hint: the Xfinity Series began in 1982)David PearsonYes
8%
Who competed in the Rolex 24?Bill ElliottYes
7%
Who was at some point a team owner (of the entire company)?Herb ThomasYes
7%
Who competed in the Rolex 24?Bobby AllisonYes
6%
Who competed in the Rolex 24?David PearsonYes
6%
Who competed in the Rolex 24?Darrell WaltripYes
5%
Who competed in the Rolex 24?Rusty WallaceYes
5%

Score Distribution

Percentile by Number Answered

Percent of People with Each Score

Your Score History

You have not taken this quiz